<?xml version="1.0" encoding="UTF-8"?>
<record
    xmlns:xsi="http://www.w3.org/2001/XMLSchema-instance"
    xsi:schemaLocation="http://www.loc.gov/MARC21/slim http://www.loc.gov/standards/marcxml/schema/MARC21slim.xsd"
    xmlns="http://www.loc.gov/MARC21/slim">

  <leader>03914cam a22003257i 4500</leader>
  <datafield tag="999" ind1=" " ind2=" ">
    <subfield code="c">64267</subfield>
    <subfield code="d">64267</subfield>
  </datafield>
  <controlfield tag="001">20040747</controlfield>
  <controlfield tag="003">OSt</controlfield>
  <controlfield tag="005">20240530110723.0</controlfield>
  <controlfield tag="008">170928t20172017ua ab    b    100 0 eng d</controlfield>
  <datafield tag="020" ind1=" " ind2=" ">
    <subfield code="a">9789774167775 (cloth)</subfield>
  </datafield>
  <datafield tag="020" ind1=" " ind2=" ">
    <subfield code="a">9774167775 (cloth)</subfield>
  </datafield>
  <datafield tag="040" ind1=" " ind2=" ">
    <subfield code="a">YDXCP</subfield>
    <subfield code="b">eng</subfield>
    <subfield code="e">rda</subfield>
    <subfield code="c">YDXCP</subfield>
    <subfield code="d">BDX</subfield>
    <subfield code="d">OCLCQ</subfield>
    <subfield code="d">CDX</subfield>
    <subfield code="d">PTS</subfield>
    <subfield code="d">DLC</subfield>
  </datafield>
  <datafield tag="082" ind1="0" ind2="4">
    <subfield code="2">21</subfield>
    <subfield code="a">270.25739 /</subfield>
    <subfield code="b">G C/CC</subfield>
  </datafield>
  <datafield tag="245" ind1="0" ind2="0">
    <subfield code="a">Christianity and monasticism in northern Egypt :</subfield>
    <subfield code="b">Beni Suef, Giza, Cairo, and the Nile Delta /</subfield>
    <subfield code="c">edited by Gawdat Gabra, Hany N. Takla.</subfield>
  </datafield>
  <datafield tag="264" ind1=" " ind2="1">
    <subfield code="a">Cairo ;</subfield>
    <subfield code="a">New York :</subfield>
    <subfield code="b">The American University in Cairo Press,</subfield>
    <subfield code="c">[2017]</subfield>
  </datafield>
  <datafield tag="300" ind1=" " ind2=" ">
    <subfield code="a">xxiv, 359 pages :</subfield>
    <subfield code="b">illustrations, maps ;</subfield>
    <subfield code="c">24 cm.</subfield>
  </datafield>
  <datafield tag="500" ind1=" " ind2=" ">
    <subfield code="a">"A Saint Mark Foundation book"-- t.p.</subfield>
  </datafield>
  <datafield tag="500" ind1=" " ind2=" ">
    <subfield code="a">"...contains the essays presented at the seventh international symposium of the St. Mark Foundation for Coptic History Studies and the St. Shenouda the Archimandrite Coptic Society. The symposium was held on February 8-12, 2015 in the Monastery of Saint Menas (Dayr Mari Mina) near Alexandria"--Foreword, page xix.</subfield>
  </datafield>
  <datafield tag="504" ind1=" " ind2=" ">
    <subfield code="a">Includes bibliographical references (pages 315-359).</subfield>
  </datafield>
  <datafield tag="505" ind1="0" ind2=" ">
    <subfield code="a">John of Barullos (540-615) / Bishop Kyrillos -- The Relationship between the Monks of Northern Egypt and the patriarchs of the Egyptian church / David Brakke -- Saint Mina monastery in Arabic sources / Sherin Sadek El Gendi -- The Bashmurite revolts in the Delta and the 'Bashmuric dialect,' Frank Feder -- Toward the localization of the Hennaton monastic complex, Mary Ghattas -- The Pachomian federation and lower Egypt : the ties that bind / James E. Goehring -- The relations between the coptic church and the Armenian church from the time of Muhammad Ali to the present (1805-2015) / Mary Kupelian -- Saint Barsoum the naked and his veneration at al-Ma'sara (Deir Shahran) / Bishop Martyros -- The traditions of the holy family and the development of Christianity in the Nile Delta / Ashraf Alexandre Sadek -- Anba Ruways and the cathedral of Saint Mark / Adel F. Sadek -- The perception of St. Athanasius of Alexandria in later coptic literature / Ibrahim Saweros -- The discovery of papyri from Turah at Dayr al-Qusayr (Dayr Arsaniyus) and its legacy / Caroline T. Schroeder -- Nitria / Mark Sheridan -- Yuhanna al-Samannudi, the founder of national coptic philology in the Middle Ages / Adel Sidarus -- The Arabic version of the Miracles of Apa Mena Based on two unpublished manuscripts in the collection of the St. Shenouda the Archimandrite coptic society in Los Angeles / Hany N. Takla -- Life of Pope Cyril VI (Kyrillos VI) / Teddawos Ava Mina and Youhanna Nessim Youssef -- The veneration of Anba Hadid and the Nile Delta in the thirteenth century / Asuka Tsuji -- Kellia and monastic epigraphy / Jacques van der Vliet -- Butrus al-Sadamanti al-Armani (Peter of Sadamant "the Armenian") / Fr. Awad Wadi -- Julius of Aqfahs : the martyrdom of John and Simon / Youhanna Nessim Youssef -- The Bohairic Acts of the Martyrs acts as a genre of religious discourse / Ewa D. Zakrzewska -- Remnants of a Byzantine church at Athribis / Tomasz G&#xF3;recki -- Architecture in Kellia / Gis&#xE8;le Hadji-Minaglou -- Kellia : its decoration in painting and stucco / Karel C. Innem&#xE9;e -- Highlights from the polish excavations at Marea/Philoxenite 2000-14 / Krzysztof Babraj and Daria Tarara -- Conservation of mural paintings in the coptic museum / Michael Jones.</subfield>
  </datafield>
  <datafield tag="650" ind1=" " ind2="0">
    <subfield code="a">Coptic monasticism and religious orders</subfield>
    <subfield code="z">Egypt</subfield>
    <subfield code="x">History</subfield>
    <subfield code="v">Congresses.</subfield>
  </datafield>
  <datafield tag="650" ind1=" " ind2="0">
    <subfield code="a">Coptic monasticism and religious orders</subfield>
    <subfield code="z">Egypt</subfield>
    <subfield code="z">Nile River Delta</subfield>
    <subfield code="x">History</subfield>
    <subfield code="v">Congresses.</subfield>
  </datafield>
  <datafield tag="650" ind1=" " ind2="0">
    <subfield code="a">Copts</subfield>
    <subfield code="z">Egypt</subfield>
    <subfield code="x">Civilization</subfield>
    <subfield code="v">Congresses.</subfield>
  </datafield>
  <datafield tag="651" ind1=" " ind2="0">
    <subfield code="a">Egypt</subfield>
    <subfield code="x">Church history</subfield>
    <subfield code="v">Congresses.</subfield>
  </datafield>
  <datafield tag="700" ind1="1" ind2=" ">
    <subfield code="a">Gabra, Gawdat,</subfield>
    <subfield code="e">editor.</subfield>
  </datafield>
  <datafield tag="700" ind1="1" ind2=" ">
    <subfield code="a">Takla, Hany N.,</subfield>
    <subfield code="e">editor.</subfield>
  </datafield>
  <datafield tag="710" ind1="2" ind2=" ">
    <subfield code="a">Saint Mark Foundation,</subfield>
    <subfield code="e">issuing body.</subfield>
  </datafield>
  <datafield tag="710" ind1="2" ind2=" ">
    <subfield code="a">Saint Shenouda the Archimandrite Coptic Society,</subfield>
    <subfield code="e">issuing body.</subfield>
  </datafield>
  <datafield tag="942" ind1=" " ind2=" ">
    <subfield code="2">ddc</subfield>
    <subfield code="c">BK</subfield>
  </datafield>
  <datafield tag="952" ind1=" " ind2=" ">
    <subfield code="0">0</subfield>
    <subfield code="1">0</subfield>
    <subfield code="2">ddc</subfield>
    <subfield code="4">0</subfield>
    <subfield code="7">0</subfield>
    <subfield code="a">CAI</subfield>
    <subfield code="b">CAI</subfield>
    <subfield code="c">CAIRO-LIBRARY</subfield>
    <subfield code="d">2018-04-04</subfield>
    <subfield code="l">0</subfield>
    <subfield code="o">270.25739 / G C/CC</subfield>
    <subfield code="p">164427</subfield>
    <subfield code="r">2018-04-04 00:00:00</subfield>
    <subfield code="w">2018-04-04</subfield>
    <subfield code="y">BK</subfield>
  </datafield>
</record>
